000 00822nam a22002295i 4500
001 13074
003 ES-MaACL
005 20230906150502.0
007 t|
008 930705s1993 sp |||| | spa j
020 _a84-604-5819-9
080 _a34 Eiximenis, Francisco de
080 _a347.96(460.23)
100 1 _aPeláez, Manuel J.
_9130966
245 1 0 _aEstudios de historia del pensamiento político y jurídico catalán e italiano /
_cManuel J. Peláez.
260 _aMálaga :
_bCátedra de Historia del Derecho y de las Instituciones,
_c1993.
300 _a623 p. ;
_c22 cm.
600 1 4 _aEiximenis, Francesc.
_946874
650 1 4 _aDerecho-
_zCataluña-
_vHistoria.
_911607
710 2 _aUniversidad de Málaga.
_bCátedra de Historia del Derecho y de las Instituciones.
_9162592
852 _aES-MaACL
_jL-20367
999 _c13074
_d13074